000 00586nam a2200181Ia 4500
008 100920s9999 xx 000 0 und d
082 _b16891
_a491.462 थ 65
100 _aघारे जान्हवी.
245 _aजीवन साफल्य.
260 _bचित्रशाळा प्रेस प्रकाशन, पुणे 2.
_c1965
300 _a44
_bसाधी
365 _b1.5
520 _aनाटक.
630 _aजीवन साफल्य.
650 _aनाटक.
730 _aजीवन साफल्य.
942 _cBOOK
999 _c679404
_d679401